Phê bình, bình luận văn học Lý Tế Xuyên, Vũ Quỳnh, Kiều Phú, Lê Thánh Tông, Ngô Chi Lan, Nguyễn Bỉnh Khiêm

محفوظ في:
التفاصيل البيبلوغرافية
التنسيق: كتاب
اللغة:Undetermined
منشور في: Tp. HCM Văn Nghệ 1997
الموضوعات:
الوسوم: إضافة وسم
لا توجد وسوم, كن أول من يضع وسما على هذه التسجيلة!
Thư viện lưu trữ: Trung tâm Học liệu Trường Đại học Cần Thơ
LEADER 00552nam a2200157Ia 4500
001 CTU_27442
008 210402s9999 xx 000 0 und d
082 |a 809 
082 |b Ph250L 
245 0 |a Phê bình, bình luận văn học 
245 0 |b Lý Tế Xuyên, Vũ Quỳnh, Kiều Phú, Lê Thánh Tông, Ngô Chi Lan, Nguyễn Bỉnh Khiêm 
260 |a Tp. HCM 
260 |b Văn Nghệ 
260 |c 1997 
650 |a vietnamese literature - history and criticism 
980 |a Trung tâm Học liệu Trường Đại học Cần Thơ